Statistics for DJ SNAKE's Songs

Click here to take the quiz!

General Stats

  • This quiz has been taken 13 times
    (11 since last reset)
  • The average score is 9 of 20

Answer Stats

Answer% Correct
SELFISH LOVE : 41M de vues
91%
TURN DOWN FOR WHAT : 1.1Mds de vues
91%
LET ME LOVE YOU : 1.1Mds de vues
82%
LOCO CONTIGO : 440M de vues
73%
MIDDLE : 343M de vues
64%
TAKI TAKI : 2.3Mds de vues
64%
A DIFFERENT WAY : 181M de vues
45%
GET LOW : 97M de vues
45%
MAGENTA RIDDIM : 334M de vues
45%
YOU KNOW YOU LIKE IT : 138M de vues
45%
FUEGO : 66M de vues
36%
SG : 182M de vues
36%
BIRD MACHINE : 26M de vues
27%
DISCO MAGHREB : 103M de vues
27%
YOU ARE MY HIGH : 20M de vues
27%
CREEP ON ME : 35M de vues
18%
ENZO : 16M de vues
18%
LEON ON : 3,2Mds de vues
18%
THE HALF : 36M de vues
18%
WHEN THE LIGHTS GO DOWN : 11M de vues
0%

Score Distribution

Percentile by Number Answered

Percent of People with Each Score

Your Score History

You have not taken this quiz since the last reset